01438nam a2200373Ia 4500001001200000003000800012006001900020007001500039008004100054010001700095020001800112020001500130020003100145020002800176040002100204035002100225050002400246082001700270245012500287260004400412300003000456504005100486533015200537650004300689650003500732650003600767651002900803655002900832700001900861700002400880710001700904856012600921999001701047ebr10285628CaPaEBRm u cr cn|||||||||080822s2009 dcuab sb i001 0 eng d z 2008037334 z9780821376522 z0821376527 z9780821376645 (electronic) z0821376640 (electronic) aCaPaEBRcCaPaEBR a(OCoLC)56062102714aHD2118b.D57 2009eb04a338.1/8622200aDistortions to agricultural incentives in Africah[electronic resource] /cKym Anderson and William A. Masters, editors. aWashington, D.C. :bWorld Bank,cc2009. axxx, 618 p. :bill., map. aIncludes bibliographical references and index. aElectronic reproduction.bPalo Alto, Calif. :cebrary,d2009.nAvailable via World Wide Web.nAccess may be limited to ebrary affiliated libraries. 0aAgriculturexEconomic aspectszAfrica. 0aAgriculture and statezAfrica. 0aAgricultural subsidieszAfrica. 0aAfricaxEconomic policy. 7aElectronic books.2local1 aAnderson, Kym.1 aMasters, William A.2 aebrary, Inc.40uhttp://site.ebrary.com/lib/rucke/Doc?id=10285628zAn electronic book accessible through the World Wide Web; click to view c16993d16993